=LDR 00000nam 2200000 4500 =001 INLIS000000000005768 =005 20130612093955 =008 ***********************************Ind** =035 ##$$0010-061300000005768 =041 ##$$a Ind =082 ##$$a 005 =090 ##$$a 005, Rit k =100 ##$$a Rito =245 ##$$a Komputer untuk segala umur, Rito =260 ##$$a 1993 $b Jakrta =300 ##$$a vi, 182 hlm., Ilus., 23 cm =650 ##$$a Komputer